000 00767cam a2200241 a 4500
001 13019720
005 20180201031805.0
008 021204s2003 nju b 001 0 eng
010 _a 2002037106
020 _a0820557161
040 _aDLC
_cDLC
_dDLC
041 _aeng
043 _an-us---
080 _a346.7302 ste
082 0 0 _a346.7302 ste
_221
100 1 _a15
101 _alaw
245 1 0 _aContracts :
_cStewart Macaulay, John Kidwell, William Whitford.
504 _aIncludes bibliographical references and index.
906 _a7
_bcbc
_corignew
_d1
_eocip
_f20
_gy-gencatlg
942 _2ddc
_cBK
999 _c41431
_d41431